| 000 | 01204nam a22003737a 4500 | ||
|---|---|---|---|
| 001 | 534868 | ||
| 003 | OSt | ||
| 005 | 20210423064338.0 | ||
| 008 | 870909s1988 nyu 000 1 eng | ||
| 010 | _a 87040398 | ||
| 020 | _a0892962909 | ||
| 040 |
_aDLC _cDLC _dDLC _beng |
||
| 041 | _aeng | ||
| 050 | 0 | 0 |
_aPR6031.A49 _bH47 1988 |
| 080 |
_a821.111 _bP-50 |
||
| 082 | 0 | 0 |
_a823/.912 _219 |
| 100 | 1 |
_aPeters, Ellis, _d1913-1995. |
|
| 245 | 1 | 4 |
_aThe hermit of Eyton Forest / _cEllis Peters. _b/ by: Mysterious Press |
| 260 |
_aNew York _bMysterious Press _cc1988. |
||
| 300 |
_a224 p. _c22 cm. |
||
| 365 | _b15.95 usd | ||
| 650 | 0 |
_aCadfael, Brother (Fictitious character) _xFiction. |
|
| 650 | 0 |
_aEnglish literature _9254 |
|
| 650 | 0 |
_aHerbalists _xFiction. |
|
| 650 | 0 |
_aMonks _xFiction. |
|
| 651 | 0 |
_aGreat Britain _xHistory _yStephen, 1135-1154 _xFiction. |
|
| 651 | 0 |
_aShrewsbury (England) _xFiction. |
|
| 653 | _aინგლისური ლიტერატურა | ||
| 655 | 7 |
_aDetective and mystery stories. _2gsafd |
|
| 655 | 7 |
_aHistorical fiction. _2gsafd |
|
| 906 |
_a7 _bcbc _corignew _d1 _eocip _f19 _gy-gencatlg |
||
| 942 |
_2udc _cBK |
||
| 999 |
_c1492 _d1492 |
||